• 首页
  • 本馆介绍
  • 公告通知
  • 最新文献
  • 馆藏检索
  • 电子资源
  • 读者导购
  • 参考咨询
  • 我的图书馆
  • 登录
  • 详细信息显示
  • 放入我的书架
  • 预约/预借图书
  • 作者相关作品
  • 分类相关作品
  • 丛书相关作品
  • 出版社相关作品

书目信息

  • 表格格式
  • 工作单格式
  • 卡片格式
题名:
图绘意识形态
    
 
作者: 齐泽克 , Zizek , 阿多诺 , Adorno 原著 ;方杰 译
分册:  
出版信息: 南京   南京大学出版社  2006
页数: 333页
开本: 23cm
丛书名: 当代学术棱镜译丛
单 册:
中图分类: B022
科图分类:
主题词: 意识形态--文集 , 意识形态
电子资源:
ISBN: 7-305-03914-4
000 01272oam2 2200337 450
001 012007824730
005 20070525154848.42
010    @a7-305-03914-4@dCNY39.00
100    @a20070517d2006 km y0chiy0120 ea
101 1  @achi@cslv
102    @aCN@b320000
105    @ay z 001yy
106    @ar
200 1  @a图绘意识形态@Atu hui yi shi xing tai@f斯拉沃热·齐泽克(Slavoj Zizek),泰奥德·阿多尔诺等著@Fsi la wo re·qi ze ke(Slavoj Zizek),tai ao de·a duo er nuo deng zhu@g方杰译@Gfang jie yi
205    @a2版
210    @a南京@c南京大学出版社@d2006
215    @a333页@d23cm
225 2  @a当代学术棱镜译丛@i国外马克思主义与后马克思思潮系列
300    @a南京大学学术出版基金资助项目
330    @a本书收入十四位西方学者有关意识形态的论述文章,包括:《意识形态的幽灵》、《瓶子中的信息》、《阿多尔诺,后结构主义和同一性的批判》等。
461  0 @12001 @a当代学术棱镜译丛
606 0  @a意识形态@j文集
606 0  @a意识形态
690    @aB022@v4
701  1 @c(斯洛文)@a齐泽克@Aqi ze ke@b斯拉沃热@4原著
701  1 @c(斯洛文)@aZizek@bSlavoj@4原著
701  1 @c(德)@a阿多诺@Aa duo nuo@b阿多尔诺@4原著
701  1 @c(德)@aAdorno@bTheodor Wiesengrund@4原著
702  0 @a方杰@Afang jie@c(翻译)@4译
801  0 @aCN@bRULIN@c20070525
905    @dB022@e102=2@s5
    
    图绘意识形态/斯拉沃热·齐泽克(Slavoj Zizek),泰奥德·阿多尔诺等著/方杰译.-2版.-南京:南京大学出版社,2006
    333页;23cm.-(当代学术棱镜译丛.国外马克思主义与后马克思思潮系列)
    南京大学学术出版基金资助项目
    
    ISBN 7-305-03914-4:CNY39.00
    本书收入十四位西方学者有关意识形态的论述文章,包括:《意识形态的幽灵》、《瓶子中的信息》、《阿多尔诺,后结构主义和同一性的批判》等。
●
相关链接 在E读中查询图书 在五车中查询图书 在当当中查询图书 在豆瓣中查询图书


正题名:图绘意识形态     索取号:B022/102=2         预约/预借

序号 登录号 条形码 馆藏地/架位号 状态 备注
1 0581188   205811889   第一样本阅览室/ [索取号:B022/102=2] 在馆    
2 0581189   205811898   教育系资料室/ [索取号:B022/102=2] 在馆    
3 0581190   205811905   第一借阅区/ [索取号:B022/102=2] 在馆    
4 0581191   205811914   第一借阅区/ [索取号:B022/102=2] 在馆    
5 0581192   205811923   教育系资料室/ [索取号:B022/102=2] 在馆    
唐山师范学院图书馆 欢迎您!
大连网信软件有限公司© 版权所有